The cry of Dolores /

Bibliographic Details
Main Author: Gorman, Herbert Sherman, 1893-1954
Format: Book
Language:English
Published: New York : Rinehart, [1948]

MARC

Tag First Indicator Second Indicator Subfields
LEADER 00000cam a2200000 4500
001 in00000025630
005 20151007062518.0
008 781016s1948 nyu 00001 eng
010 |a  47007053  
035 |a (OCoLC)04295584 
035 |9 AAD5090AM 
040 |a DLC  |c TLJ  |d TXA  |d UtOrBLW 
049 |a TXAM  |c [151168] 
050 0 0 |a PZ3.G681  |b Cr 
090 |a PS3513.O63  |b C79 1948 
092 |a 813  |b G671c 
100 1 |a Gorman, Herbert Sherman,  |d 1893-1954. 
245 1 4 |a The cry of Dolores /  |c Herbert Gorman. 
264 1 |a New York :  |b Rinehart,  |c [1948] 
264 4 |c ©1948 
300 |a 443 pages ;  |c 22 cm. 
336 |a text  |b txt  |2 rdacontent 
337 |a unmediated  |b n  |2 rdamedia 
338 |a volume  |b nc  |2 rdacarrier 
999 |a MARS 
999 f f |s 96e97d94-bccf-3028-b8b3-12c0e585b39c  |i 6f7e24fc-ab9a-3e07-9a4a-61f1e2ae515c  |t 0 
952 f f |p ric  |a Texas A&M University  |b Rellis Campus  |c Joint Library Facility  |d Remote Storage  |t 0  |e PS3513.O63 C79 1948  |h Library of Congress classification  |i unmediated -- volume  |m A14801238637 
998 f f |a PS3513.O63 C79 1948  |t 0  |l Remote Storage